000
00163nam a22000857a 4500
082
_a
823
100
_a
SAAJAY DHIMA
245
_a
MY FIRST BOOK OF VEHICLES
942
_c
BK
999
_c
8250
_d
8250